Arte Fantástico
Guardado en:
| Autores principales: | , |
|---|---|
| Formato: | Libro |
| Lenguaje: | español |
| Publicado: |
Colonia
Taschen
2006
|
| Materias: | |
| Etiquetas: |
Agregar Etiqueta
Sin Etiquetas, Sea el primero en etiquetar este registro!
|
MARC
| LEADER | 00000nam a2200000 a 4500 | ||
|---|---|---|---|
| 001 | UCG7112 | ||
| 003 | CL-VaPUC | ||
| 008 | 110617e20060000GW |||||||||||||||||spa|d | ||
| 020 | |a 9783822829523 | ||
| 082 | 0 | 4 | |a 750 |b SCH |2 21 |
| 100 | 0 | |a Schurian, Walter |e author |9 557643 | |
| 700 | |a Grosenick, Uta |e author |9 561221 | ||
| 245 | 1 | 0 | |a Arte Fantástico |
| 300 | |a 95 p | ||
| 942 | |c BK | ||
| 945 | |d 20110617 00:00:00 |a dcastane | ||
| 260 | |a Colonia |b Taschen |c 2006 | ||
| 650 | 0 | |a Pintura |9 265046 | |
| 650 | 0 | |a Arte moderno |9 265333 | |
| 650 | 0 | |a Creación artística |9 266215 | |
| 650 | 0 | |a Diseño artístico |9 330956 | |
| 583 | |a last modification |c 20110617 00:00:00 |k Rodrigo Vera | ||
| 999 | |c 345177 |d 345175 | ||
| 952 | |0 0 |1 0 |4 0 |6 750_000000000000000_SCH_2006 |7 0 |8 C |9 443646 |a BIBCUR |b BIBCUR |d 2019-11-22 |i 4785215 |l 2 |o 750 SCH 2006 |p 4785215 |r 2025-04-22 |s 2025-03-07 |w 2019-11-22 |y BK |k CAC | ||